000 00545nam a2200181 i 4500
001 170036
003 ES-MaACL
005 20230906214253.0
008 090116s1955 fr |||| | fre d
080 _a165
100 1 _aRougier, Louis.
_9100019
245 1 0 _aTraité de la connaissance /
_cLouis Rougier.
260 _aParis :
_bGauthier-Villars,
_c1955.
300 _a450 p. ;
_c25 cm.
504 _aBibliografía.
650 4 _aEpistemología.
_912338
852 4 _aES-MaACL
_jE-12386
_9R.140540
_z. - Biblioteca Jacinto Martínez Lacalle
999 _c170036
_d170036